LDR 01164naa#a2200193#i#450# 001 RU\\bibl\119387 005 20260430131431.4 011 ## _a1994-4683 100 ## _a20260429b2026####ek#y0rusy0150####ca 102 ## _aRU 200 1# _aДинамика спортивных результатов и координационных способностей у пловчихи с нарушением интеллекта на этапе многолетней подготовки по программе Специальной Олимпиады _eЖурнальная статья 210 1# _aМосква _cНациональный государственный Университет физической культуры, спорта и здоровья им. П.Ф. Лесгафта _d2026 215 ## _a7 с. 608 ## _aЖурнальная статья _2local 675 ## _aСпортивные результаты. 796.015.8 _z 700 #1 _aАшкинази _gСергей Максимович 700 #1 _aСытник _gГалина Владимировна 700 #1 _aПетрунина _gСветлана Валентиновна 856 4# _auchzapiski.lesgaft.spb.ru _u